000 02924nam0a2200385 4500
001 RU\NLR\BIBL_A\012877537
005 20221206170004.0
010 _a978-5-907472-60-0
_91000
021 _aRU
_bКН-П-22-044190
_9КН-П-22-3818
035 _a(NLR Aleph) 012877537
035 _a(RuMoRGB)011135326
090 _a12509100
_c12509100
100 _a20220830d2022 u y0rusy50 ca
101 1 _arus
_cund
102 _aRU
105 _aa z 000zy
181 0 _ai3
_baxxe
182 0 _an
200 1 _aАрктическая родина в Ведах
_e[перевод]
_fТилак Бал Гангадхар
203 _aТекст
_bвизуальный
_cнепосредственный
210 _aМосква
_cКонцептуал
_d2022
215 _a369, [13] с.
_cтабл.
_d22
330 _aЕвропейская раса, так называемые "арийцы", зародилась на Крайнем Севере. Подтверждения этому уже нашли современные ученые, но первым эту мысль высказал индийский мыслитель Б. Г. Тилак еще на рубеже XIX-XX веков. В древнейших памятниках индийской литературы, Ведах и Авесте, он обнаружил точные описания исторических, астрономических, географических и физических реалий арктического региона. Если создатели этих текстов никогда не бывали на Севере, то откуда они могли знать об этих особенностях? Уникальное открытие Тилака обсуждали и филологи, и астрономы, и географы, и физики, и археологи - но и их выводы оказались такими же: "арийцы" действительно пришли в Европу из Заполярья. Открытие Тилака сыграло огромную роль в понимании истоков нашей расы, и у вас есть уникальный шанс познакомиться с этим исследованием лично
333 _a16+
605 _aВеды
_xИсследование текста
_xОригинальные теории
_2nlr_sh2
_3RU\NLR\AUTH\6601712593
606 1 _aАрии (этногр.)
_xИстория
_xОригинальные теории
_2nlr_sh1
_2nlr_sh2
_3RU\NLR\AUTH\661326299
675 _a94(98)"652"
_v4
686 1 _aТ3(9=)0,02
686 2 _aЭ331-21
700 1 _aТилак
_bБ. Г.
_f1856-1920
_gБал Гангадхар
942 _cBOOK
980 _aNB